[Event "ROM-chT"]
[Site "ROM"]
[Date "1994.??.??"]
[Round "?"]
[White "Racasan, Sebastian"]
[Black "Doroshenko, Maxim"]
[Result "1/2-1/2"]
[WhiteElo "2210"]
[BlackElo "2270"]

1.d4 d5 2.c4 c6 3.Nf3 Nf6 4.Nc3 a6 5.a4 g6 6.Bf4 Bg7 7.h3 O-O 8.e3 Qa5 9.Nd2 Ne4
10.Ndxe4 dxe4 11.Qd2 e5 12.dxe5 Bxe5 13.Bxe5 Qxe5 14.O-O-O Re8 15.Qd4 Qxd4
16.Rxd4 f5 17.a5 Nd7 18.Na4 Rb8 19.Be2 Ne5 20.Rhd1 Be6 21.Kc2 Kf7 22.Kc3 Ke7
23.Nc5 Nf7 24.Kb4 b6 25.axb6 Rxb6+ 26.Kc3 Reb8 27.Rb1 a5 28.b3 Ne5 29.Bd1 Nd7
30.Nxd7 Bxd7 31.Ra1 Ra8 32.Rd2 c5 33.Rd5 Rc6 34.Bc2 Be6 35.Rd2 Raa6 36.Rad1 Rd6
37.Kb2 Rxd2 38.Rxd2 Rd6 39.Rxd6 Kxd6 40.Ka3 Bd7 41.h4 Ke5 42.g3 h6 43.Bd1 Be8
44.Kb2  1/2-1/2

[Event "Sala op"]
[Site "Sala"]
[Date "1994.??.??"]
[Round "8"]
[White "Konopka, Michal"]
[Black "Sergeev, Vladimir"]
[Result "1/2-1/2"]
[WhiteElo "2455"]
[BlackElo "2445"]

1.Nf3 Nf6 2.c4 c6 3.d4 d5 4.Nc3 a6 5.e3 b5 6.cxd5 cxd5 7.Ne5 e6 8.Bd2 Bb7
9.Be2 Nbd7 10.Nd3 Bd6 11.O-O O-O 12.b4 Qb8 13.g3 Nb6 14.a4 Nc4 15.axb5 axb5
16.Qc2 Bc6 17.Rfd1 Ra7 18.Be1  1/2-1/2

[Event "SLO-ch U18"]
[Site "?"]
[Date "1994.??.??"]
[Round "?"]
[White "Solmajer, Luka"]
[Black "Klavcic, Klemen"]
[Result "1-0"]
[WhiteElo "1965"]
[BlackElo "1960"]

1.d4 d5 2.c4 c6 3.Nc3 Nf6 4.Nf3 a6 5.a4 Bg4 6.Ne5 e6 7.Nxg4 Nxg4 8.e4 Nf6
9.e5 Nfd7 10.Be3 b6 11.Be2 Bb4 12.O-O O-O 13.Bd3 Re8 14.Qh5 Nf8 15.Qg4 Nbd7
16.cxd5 cxd5 17.Qe2 Qc8 18.Rac1 Qb7 19.Rc2 Rec8 20.Rfc1 Bxc3 21.Rxc3 Rxc3
22.Rxc3 a5 23.Qc2 Rd8 24.Rc7 Qa8 25.Bb5 Nb8 26.Bg5  1-0

[Event "SLO-sf"]
[Site "?"]
[Date "1994.??.??"]
[Round "?"]
[White "Solmajer, Luka"]
[Black "Kranjec, A."]
[Result "1-0"]
[WhiteElo "1965"]
[BlackElo "2045"]

1.d4 d5 2.c4 c6 3.Nc3 Nf6 4.Nf3 a6 5.a4 e6 6.Bg5 Be7 7.e3 Nbd7 8.Bd3 h6 9.Bh4 g5
10.Bg3 dxc4 11.Bxc4 Nd5 12.h4 g4 13.Ne5 h5 14.e4 Nb4 15.Bb3 Nxe5 16.Bxe5 Rh7
17.g3 c5 18.d5 f6 19.Bf4 e5 20.Be3 Bd6 21.O-O f5 22.Bg5 Qc7 23.Re1 Kf7 24.Bc2 Nxc2
25.Qxc2 Kg6 26.Qe2 Qf7 27.Rac1 Bd7 28.exf5+ Bxf5 29.Ne4 Bxe4 30.Qxe4+ Qf5
31.Qe2 Rf7 32.Be3 Rc8 33.Rc3 Qe4 34.Qd2 Qxa4 35.Rec1 Rfc7 36.Bh6 Qe8 37.Rxc5 Bxc5
38.Rxc5 Kh7 39.Qc2+ Kxh6 40.Rxc7 Rxc7 41.Qxc7 Qa4 42.Qxe5 Qd1+ 43.Kh2 b5
44.Qf6+ Kh7 45.d6  1-0

[Event "St Petersburg op2"]
[Site "St Petersburg"]
[Date "1994.??.??"]
[Round "2"]
[White "Irzhanov, Ruslan"]
[Black "Zagrebelny, Sergey"]
[Result "0-1"]
[WhiteElo "2430"]
[BlackElo "2515"]

1.d4 d5 2.c4 c6 3.Nc3 Nf6 4.Nf3 a6 5.cxd5 cxd5 6.Bf4 Nc6 7.e3 e6 8.Bd3 Be7
9.Ne5 Nxe5 10.Bxe5 b5 11.O-O O-O 12.f4 g6 13.Bxf6 Bxf6 14.b4 Bd7 15.Qb3 Qb6
16.Kh1 Be7 17.Rfb1 Rfb8 18.h3 Qd6 19.a3 Kh8 20.Qd1 Rc8 21.Rc1 Qb6 22.Na2 Rg8
23.Rc2 g5 24.Qf3 f5 25.fxg5 Rxg5 26.Bf1 Bd6 27.Nc1 Be8 28.Nd3 Bh5 29.Qf2 Bg3
30.Qd2 Rag8 31.Rac1 Qd8 32.Nf4 Bxf4 33.exf4 Rg3 34.Rc3 Qh4 35.Rxg3 Rxg3 36.Qe1 Qxf4
37.Rc8+ Kg7  0-1

[Event "St Petersburg op2"]
[Site "St Petersburg"]
[Date "1994.??.??"]
[Round "7"]
[White "Ionov, Sergey"]
[Black "Lunev, A."]
[Result "1/2-1/2"]
[WhiteElo "2530"]
[BlackElo "2430"]

1.Nf3 d5 2.d4 c6 3.c4 Nf6 4.Nc3 a6 5.c5 Nbd7 6.Bf4 Nh5 7.Bd2 g6 8.e4 dxe4
9.Nxe4 Bg7 10.Bc4 Ndf6 11.Nc3 O-O 12.O-O Bg4 13.Be3 e6 14.h3 Bxf3 15.Qxf3 Nd5
16.Rad1  1/2-1/2

[Event "SVK-chT"]
[Site "?"]
[Date "1994.??.??"]
[Round "11"]
[White "Stohl, Igor"]
[Black "Sergeev, Vladimir"]
[Result "0-1"]
[WhiteElo "2545"]
[BlackElo "2445"]

1.d4 Nf6 2.c4 c6 3.Nc3 d5 4.Nf3 a6 5.e3 b5 6.b3 Bg4 7.Be2 Nbd7 8.O-O e6 9.h3 Bxf3
10.Bxf3 Bb4 11.Bd2 Be7 12.a4 b4 13.Ne2 a5 14.Rc1 O-O 15.Nf4 Bd6 16.Nd3 Qe7
17.Qe2 Ne4 18.Rfd1 Rad8 19.g3 f5 20.Be1 Kh8 21.Rc2 e5 22.cxd5 cxd5 23.dxe5 Nxe5
24.Bg2 Ng6 25.Rdc1 Bb8 26.h4 Ne5 27.Nf4 Ng4 28.Rc6 Bxf4 29.gxf4 Nc3 30.Bxc3 bxc3
31.R6xc3 d4 32.Rd3 dxe3 33.Rxd8 exf2+ 34.Qxf2 Nxf2 35.Rxf8+ Qxf8 36.Kxf2 Qb8
37.Rc4 g6 38.Bd5 Qd8 39.Bf3 Qxh4+ 40.Ke2 Qh2+  0-1

[Event "SVK-chT"]
[Site "?"]
[Date "1994.??.??"]
[Round "12"]
[White "Likavsky, Tomas"]
[Black "Polko, Juraj"]
[Result "1-0"]
[WhiteElo "2240"]
[BlackElo "2275"]

1.d4 d5 2.c4 c6 3.Nf3 Nf6 4.Nc3 a6 5.a4 g6 6.e3 Bg7 7.b4 Bg4 8.Qb3 Bxf3 9.gxf3 O-O
10.Bd2 e6 11.Rc1 Nbd7 12.f4 Ng4 13.Qd1 Qh4 14.Qf3 h5 15.Bd3 Rad8 16.h3 Nh6
17.cxd5 cxd5 18.b5 Nb8 19.Na2 axb5 20.axb5 Rc8 21.O-O Nf5 22.Bxf5 gxf5 23.Rxc8 Rxc8
24.Rc1 Rxc1+ 25.Nxc1 Nd7 26.Ne2 Nf6 27.Be1 Ne4 28.Kg2 Kh7 29.Nc1 Kg6 30.Qe2 Qd8
31.Nd3 f6 32.Nc5 Qc8 33.Bb4 Bf8 34.b6 Qc6 35.Nxe4 Bxb4 36.Ng3 Qxb6 37.Qxh5+ Kg7
38.Qe8 Bf8 39.Nh5+  1-0

[Event "SWE-chT 9394"]
[Site "SWE"]
[Date "1994.??.??"]
[Round "9"]
[White "Renman, Nils Gustaf"]
[Black "Engqvist, Thomas"]
[Result "0-1"]
[WhiteElo "2390"]
[BlackElo "2420"]

1.d4 Nf6 2.c4 c6 3.Nc3 d5 4.Nf3 a6 5.c5 Nbd7 6.Bf4 Nh5 7.Bd2 g6 8.e4 dxe4
9.Nxe4 Ndf6 10.Nxf6+ Nxf6 11.Bc4 Nd5 12.h3 h6 13.Qb3 Bg7 14.O-O O-O 15.Rfe1 e6
16.Rad1 Qc7 17.Ne5 Bd7 18.g3 Be8 19.Bf1 Kh7 20.Nc4 Qe7 21.Ba5 Rb8 22.Bg2 Bd7
23.Ne5 Rfc8 24.h4 h5 25.Rd3 Kg8 26.Qd1 Be8 27.Nc4 Nc7 28.Nd6 Rd8 29.g4 hxg4
30.Qxg4 Rxd6 31.cxd6 Qxd6 32.Qg3 Qxg3 33.fxg3 Nb5 34.Bb6 Rc8 35.Kf2 Nd6 36.b3 Nf5
37.Be4 Ne7 38.Rc1 Bd7 39.Rdd1 Bh6 40.Rc2 Re8 41.Bc7 Bg7 42.Be5 f6 43.Bd6 Kf7
44.Rc3 Nf5 45.Bxf5 gxf5 46.Ke3 e5 47.d5 Bh6+ 48.Kf2 f4 49.gxf4 Bxf4 50.Ba3 Rh8
51.dxc6 Bxc6 52.Rh3 e4 53.Bc1 Bc7 54.h5 f5 55.Rh4 Bd8 56.Rh3 Bc7 57.h6 f4
58.h7 Bb6+ 59.Ke1 f3 60.a4 e3 61.Bb2 Ba5+  0-1

[Event "SWZ-chT"]
[Site "SWZ"]
[Date "1994.??.??"]
[Round "7"]
[White "Cvitan, Ognjen"]
[Black "Maeser, Fabian"]
[Result "1/2-1/2"]
[WhiteElo "2575"]
[BlackElo "2245"]

1.d4 d5 2.c4 c6 3.Nf3 Nf6 4.Nc3 a6 5.c5 Bf5 6.Qb3 Qc8 7.h3 Nbd7 8.Bf4 g6
9.e3 Bg7 10.Be2 O-O 11.O-O Ne4 12.Bh2 f6 13.Nxe4 Bxe4 14.Nd2 Bf5 15.e4 Be6
16.Rfe1 Bf7 17.exd5 cxd5 18.Bf3 e6 19.Bd6 Re8 20.Qb4 e5 21.dxe5 fxe5 22.Bg4 h5
23.Bxd7 Qxd7 24.Nf3  1/2-1/2

[Event "Szekszard op"]
[Site "Szekszard"]
[Date "1994.??.??"]
[Round "6"]
[White "Skomorokhin, Roman"]
[Black "Acs, Peter"]
[Result "1-0"]
[WhiteElo "2425"]
[BlackElo "2215"]

1.d4 d5 2.c4 c6 3.Nc3 Nf6 4.Nf3 a6 5.a4 e6 6.a5 dxc4 7.Qa4 Be7 8.e4 O-O 9.Qxc4 b5
10.axb6 Qxb6 11.e5 Nd5 12.Na4 Qc7 13.Bd2 a5 14.Qc2 Na6 15.Rc1 Nab4 16.Qb1 Qa7
17.Bc4 Ba6 18.O-O Bxc4 19.Rxc4 Rab8 20.Nc5 a4 21.Qe4 Na6 22.Nxa4 Nb6 23.Nxb6 Qxb6
24.Rxc6 Qb7 25.Rfc1 Rbc8 26.Qc2 Rb8 27.Qc4 Nc5 28.Rxc5 Bxc5 29.dxc5 Qxb2
30.h3 h6 31.c6 Rfc8 32.c7 Rb7 33.Ba5 Ra7 34.Rd1 Qb7 35.Rd8+ Kh7 36.Qd3+ g6
37.Qd7  1-0

[Event "Szekszard op"]
[Site "Szekszard"]
[Date "1994.??.??"]
[Round "8"]
[White "Krizsany, Laszlo"]
[Black "Acs, Peter"]
[Result "1-0"]
[WhiteElo "2395"]
[BlackElo "2215"]

1.d4 d5 2.c4 c6 3.Nc3 Nf6 4.Nf3 a6 5.c5 Nbd7 6.h3 e5 7.dxe5 Ne4 8.Nxe4 dxe4
9.Ng5 Be7 10.Nxe4 O-O 11.Bf4 Nxc5 12.Qxd8 Rxd8 13.Nd6 f6 14.Nxc8 Raxc8 15.e3 b5
16.a3 Rd5 17.f3 Nb3 18.Rd1 fxe5 19.Bg3 Rcd8 20.Be2 Bf6 21.e4 Rd2 22.Rb1 c5
23.Bd1 c4 24.Bxb3 cxb3 25.O-O Rc2 26.Be1 Be7 27.Kh1 Bc5 28.Bc3 Bd4 29.Rfd1 Rd6
30.Rd3 Bc5 31.Rbd1 Rxd3 32.Rxd3 h5 33.Bxe5 Rc1+ 34.Kh2 h4 35.g4 Rc2+ 36.Kh1 Bxa3
37.Rxb3 Be7 38.Rc3 Rd2 39.Rc8+ Kf7 40.Ra8 Bf6 41.Ra7+ Ke6 42.Bxf6 gxf6 43.f4 Rxb2
44.Rxa6+ Kf7 45.Rb6 Kg7 46.f5 b4 47.Kg1 Rb1+ 48.Kg2 Rb2+ 49.Kf3 Rb3+ 50.Kf4 Rb1
51.Rb7+ Kf8 52.g5 Rf1+ 53.Kg4 Rg1+ 54.Kxh4 Rxg5 55.Rxb4 Kf7  1-0

[Event "ISR-ch"]
[Site "Tel Aviv"]
[Date "1994.??.??"]
[Round "5"]
[White "Zoler, Dan"]
[Black "Rotman, Daniel"]
[Result "1-0"]
[WhiteElo "2420"]
[BlackElo "2240"]

1.d4 d5 2.c4 c6 3.Nf3 Nf6 4.Nc3 a6 5.a4 e6 6.g3 dxc4 7.Ne5 c5 8.dxc5 Qxd1+
9.Nxd1 Bxc5 10.Bg2 O-O 11.O-O Nd5 12.Ne3 Nxe3 13.Bxe3 Bxe3 14.fxe3 Nd7 15.Nxc4 Rb8
16.Rfd1 Nf6 17.Nb6 e5 18.Rac1 Bg4 19.Kf2 Bf5 20.h3 h5 21.Ke1 Rfe8 22.Rc7 e4
23.a5 Re5 24.b4 g6 25.Rd4 Rb5 26.Kd2 Be6 27.Rc5 Kg7 28.Rxb5 axb5 29.h4 Rg8
30.Bxe4 Nxe4+ 31.Rxe4 Kf6 32.Rd4 g5 33.Nd7+ Bxd7 34.Rxd7 gxh4 35.gxh4 Rg4
36.Rd4 Ke5 37.Rxg4 hxg4 38.Ke1 f5 39.Kf2 Kf6 40.Kg3 Kg6 41.e4  1-0

[Event "Val Thorens Principal"]
[Site "Val Thorens"]
[Date "1994.??.??"]
[Round "6"]
[White "Lalic, Bogdan"]
[Black "Komliakov, Viktor"]
[Result "1/2-1/2"]
[WhiteElo "2530"]
[BlackElo "2455"]

1.d4 d5 2.c4 c6 3.Nf3 Nf6 4.Nc3 a6 5.Qb3 e6 6.Bg5 dxc4 7.Qxc4 b5 8.Qd3 c5
9.a4 Nc6 10.Bxf6 gxf6 11.dxc5 Qxd3 12.exd3 Bxc5 13.axb5 Nd4 14.Nxd4 Bxd4
15.Be2 Bb7 16.O-O Ke7 17.bxa6 Rxa6 18.Nb5 Rxa1 19.Rxa1 Bb6 20.Rc1 Rb8 21.Kf1  1/2-1/2

[Event "Vienna op"]
[Site "Vienna"]
[Date "1994.??.??"]
[Round "7"]
[White "Liedl, Wolfgang"]
[Black "Stajcic, Nikola"]
[Result "0-1"]
[WhiteElo "2230"]
[BlackElo "2350"]

1.d4 d5 2.c4 c6 3.Nf3 Nf6 4.Nc3 a6 5.e3 g6 6.Bd3 Bg7 7.O-O Nbd7 8.cxd5 cxd5
9.Bd2 O-O 10.Qb3 e6 11.Rfc1 b6 12.Rc2 Bb7 13.Rac1 Ne4 14.Be1 f5 15.Ne2 Rb8
16.Nf4 Re8 17.h4 Bh6 18.g3 Bxf4 19.exf4 b5 20.Qa3 Re7 21.Rc7 Rg7 22.Ba5 Qf8
23.Qb3 Qe8 24.a4 Nd6 25.axb5 Nc4 26.Qc3 axb5 27.b3 Nd6 28.Qb4 Ne4 29.Bxb5 Ba6
30.Bxd7 Rxd7 31.Qxb8 Qxb8 32.Rxd7 Qb5 33.Rd8+ Kg7 34.Rc7+ Kh6 35.Rh8 Qf1+
36.Kh2 Qxf2+  0-1

[Event "Villa Ballester op"]
[Site "Villa Ballester"]
[Date "1994.??.??"]
[Round "5"]
[White "Quinteros, Miguel A"]
[Black "Dolezal, Cristian"]
[Result "1/2-1/2"]
[WhiteElo "2510"]
[BlackElo "2250"]

1.d4 d5 2.c4 c6 3.Nc3 Nf6 4.Nf3 a6 5.cxd5 cxd5 6.Bf4 Nc6 7.e3 Bg4 8.h3 Bxf3
9.Qxf3 e6 10.Bd3 Be7 11.O-O O-O 12.g4 Rc8 13.Rac1 Na5 14.g5 Ne8 15.h4 Nc4
16.Rc2 g6 17.Rfc1 Ncd6 18.Be5 Nc4 19.Bxc4 Rxc4 20.e4 f6 21.gxf6 Bxf6 22.Qh3 Ng7
23.b3 Rc6 24.exd5 exd5 25.Ne2 Bxe5 26.Rxc6  1/2-1/2

[Event "Villa Ballester op"]
[Site "Villa Ballester"]
[Date "1994.??.??"]
[Round "6"]
[White "Sorokin, Maxim"]
[Black "Dolezal, Cristian"]
[Result "1-0"]
[WhiteElo "2510"]
[BlackElo "2250"]

1.d4 d5 2.c4 c6 3.Nf3 Nf6 4.Nc3 a6 5.g3 g6 6.Bg2 Bg7 7.O-O O-O 8.Qb3 e6 9.Bf4 Nbd7
10.Rad1 b6 11.Ne5 Bb7 12.e4 dxe4 13.Nxe4 Nxe4 14.Bxe4 Nxe5 15.Bxe5 f6 16.d5 cxd5
17.cxd5 exd5 18.Bxd5+ Bxd5 19.Rxd5 Qe8 20.Bc3 Qe6 21.Re1 Qf7 22.Red1 b5 23.Qa3 Rfe8
24.Rd7 Qe6 25.R1d6 Qc4 26.Rxa6 Rad8 27.Rxd8 Rxd8 28.Ra8 Rxa8 29.Qxa8+ Kf7
30.Qb7+ Kg8 31.a3 h5 32.h4 Qd3 33.Qc6 Kf7 34.Kg2 Qf5 35.Qb7+ Kg8 36.Qf3 Qe6
37.Qa8+ Kh7 38.Qb7 Qf5 39.Qc6 Kg8 40.b3 Bf8 41.a4 bxa4 42.bxa4 Kf7 43.a5 Bc5
44.Qf3 Qe6 45.Bxf6  1-0

[Event "Wattens op"]
[Site "Wattens"]
[Date "1994.??.??"]
[Round "3"]
[White "Fuerlinger, Harald"]
[Black "Duer, Werner"]
[Result "0-1"]
[WhiteElo "2055"]
[BlackElo "2295"]

1.d4 d5 2.c4 c6 3.Nf3 Nf6 4.Nc3 a6 5.cxd5 cxd5 6.Bf4 e6 7.e3 b5 8.Bd3 Bb7
9.O-O Nbd7 10.Rc1 Rc8 11.Qb3 Be7 12.h3 O-O 13.Ne5 Nxe5 14.Bxe5 Nd7 15.Bg3 Nb6
16.Bb1 Nc4 17.Qc2 g6 18.Qe2 Qa5 19.f3 b4 20.Nd1 Bc6 21.b3 Na3 22.Bd3 Bb5
23.Nf2 Rc3 24.Rxc3 bxc3 25.Bxb5 Qxb5 26.Nd3 Rc8 27.Rc1 a5 28.Be1 Bb4 29.Kf2 Qb6
30.Nc5 Rxc5 31.dxc5 Qxc5 32.Qd3 c2 33.Bxb4 axb4 34.Ke2 e5 35.Kd2 Kg7 36.Rxc2 Nxc2
37.Qxc2 Qa7 38.g4 d4 39.exd4 Qxd4+ 40.Ke2 h5 41.gxh5 gxh5 42.Qe4 Qxe4+ 43.fxe4 f5  0-1

[Event "Ibercaja op"]
[Site "Zaragoza"]
[Date "1994.??.??"]
[Round "6"]
[White "Izeta Txabarri, Felix"]
[Black "Magem Badals, Jorge"]
[Result "1/2-1/2"]
[WhiteElo "2460"]
[BlackElo "2505"]

1.d4 d5 2.c4 c6 3.Nf3 Nf6 4.Nc3 a6 5.c5 g6 6.Bf4 Bg7 7.h3 O-O 8.e3 Nbd7 9.Be2 Ne8
10.O-O Nc7 11.b4 Re8 12.Qd2 e5 13.Nxe5 Nxe5 14.Bxe5 Bxe5 15.dxe5 a5 16.a3 Rxe5
17.e4 axb4 18.axb4 Rxa1 19.Rxa1 Qf6 20.Rd1 dxe4 21.Qd8+ Qxd8 22.Rxd8+ Re8
23.Rxe8+ Nxe8 24.Nxe4 Be6 25.f4 Nc7 26.Nc3 Kg7 27.Kf2 h6 28.Ke3 f5 29.h4 Kf6
30.g3 Bb3 31.Bd3 g5 32.fxg5+ hxg5 33.h5 Bg8 34.b5 cxb5 35.Nxb5 Ne6 36.Bc4 f4+
37.Kf2 Bf7 38.Bxe6 fxg3+ 39.Kxg3 Kxe6 40.h6 Kf6 41.Nd6 Bd5 42.Ne8+ Kg6 43.h7 Kxh7
44.Nf6+ Kg6 45.Nxd5 Kf5  1/2-1/2

[Event "Zuerich op"]
[Site "Zuerich"]
[Date "1994.??.??"]
[Round "?"]
[White "Kolly, Jacques"]
[Black "Maeser, Fabian"]
[Result "0-1"]
[WhiteElo "2160"]
[BlackElo "2295"]

1.d4 Nf6 2.c4 c6 3.Nc3 d5 4.Nf3 a6 5.c5 Bf5 6.Qb3 Qc8 7.Na4 Nbd7 8.Bf4 g6
9.h3 Bg7 10.Ne5 O-O 11.g4 Be6 12.Bg2 Re8 13.Bf3 Ra7 14.g5 Ne4 15.Nxd7 Qxd7
16.Nb6 Qd8 17.e3 Bf5 18.Bxe4 Bxe4 19.Rg1 a5 20.a4 e5 21.dxe5 Bf8 22.Rc1 Ra6
23.Ke2 Bxc5 24.Rxc5 Rxb6 25.Qc3 Re6 26.f3 Bf5 27.Rd1 Qa8 28.b3 Rb4 29.Rc1 Qa6+
30.Kf2 Qb6 31.Qe1 Re8 32.e6 Rxe6 33.Qd2 Rxb3 34.Qxa5 Qxa5 35.Rxa5 Kg7 36.h4 f6
37.Ra8 fxg5 38.hxg5 Re7 39.Rh1 Rb1 40.Rh4 Rb2+ 41.Kg3 Rb3 42.Bd6 Rexe3 43.Bf8+ Kf7
44.Rxh7+ Kg8 45.Bc5+ Kxh7 46.Bd4 Rxf3+ 47.Kh2 Rb2+ 48.Kg1 Rg3+ 49.Kf1 Bh3+
50.Ke1 Rg1+ 51.Bxg1 Rb1+ 52.Kf2 Rf1+ 53.Kg3 Rxg1+ 54.Kxh3 Rb1 55.a5 Rb3+
56.Kg4 Rb4+ 57.Kf3 Kg7 58.Rb8 c5 59.Rc8 Rb5 60.Rc7+ Kf8 61.Kf4 Rxa5 62.Ke5 d4
63.Rxb7 d3 64.Ke4 c4  0-1

[Event "Aalborg"]
[Site "Aalborg"]
[Date "1995.??.??"]
[Round "1"]
[White "Jakobsen, Lars Veno"]
[Black "Barkhagen, Jonas"]
[Result "0-1"]
[WhiteElo "2310"]
[BlackElo "2405"]

1.d4 d5 2.c4 c6 3.Nf3 Nf6 4.Nc3 a6 5.e3 b5 6.b3 Bg4 7.Be2 e6 8.Ne5 Bxe2 9.Nxe2 Bd6
10.O-O Nbd7 11.Bb2 Rc8 12.Rc1 O-O 13.Nf4 bxc4 14.bxc4 Ne4 15.Nxd7 Qxd7 16.Nd3 Qb7
17.f3 Nf6 18.Qa4 Nd7 19.c5 Bb8 20.Bc3 Qb5 21.Qc2 a5 22.Rb1 Qa6 23.Rfd1 Bc7
24.Qd2 Rb8 25.Rbc1 Rfe8 26.e4 dxe4 27.fxe4 Nf6 28.Nf2 Rbd8 29.Qg5 Qe2 30.Rd2 Qc4
31.Rb2 e5 32.Bxa5 Qxd4 33.Rd2 Nxe4 34.Rxd4 Nxg5 35.Rxd8 Bxd8 36.Bb6 e4 37.a4 e3
38.Nd3 Ne6 39.a5 Nd4 40.Rb1 e2 41.a6 Bg5 42.a7 Be3+ 43.Kh1 Nb5 44.Ra1 Nxa7
45.Bxa7 Bd2 46.Ne1 Ra8 47.Nf3 Bc3 48.Rb1 Rd8 49.Rb8 Rxb8 50.Bxb8 e1=Q+ 51.Nxe1 Bxe1
52.g4 f6 53.Kg2 Kf7 54.Kf3 Ke6 55.Ke4 Bc3 56.h3 g6 57.Bf4 f5+ 58.gxf5+ gxf5+
59.Kf3 Kd5 60.Bc1 Bg7  0-1

[Event "Aceimar op"]
[Site "Aceimar"]
[Date "1995.??.??"]
[Round "?"]
[White "Del Rey, Diego"]
[Black "Giorgadze, Giorgi"]
[Result "1/2-1/2"]
[WhiteElo "2340"]
[BlackElo "2605"]

1.d4 d5 2.c4 c6 3.Nf3 Nf6 4.Nc3 a6 5.Ne5 Nbd7 6.Bf4 dxc4 7.Nxc4 b5 8.Ne5 Bb7
9.e3 e6 10.Be2 Be7 11.Bf3 Nd5 12.Nxd5 cxd5 13.O-O O-O 14.Rc1 Rc8 15.Rxc8 Qxc8
16.Qd2 Nxe5 17.Bxe5 Qd7 18.Rc1 Rc8 19.Be2 Rc6 20.Rxc6 Qxc6 21.Bd3  1/2-1/2

[Event "Alma Ata"]
[Site "Alma Ata"]
[Date "1995.??.??"]
[Round "5"]
[White "Yurtaev, Leonid"]
[Black "Zagrebelny, Sergey"]
[Result "1-0"]
[WhiteElo "2505"]
[BlackElo "2510"]

1.d4 d5 2.c4 c6 3.Nc3 Nf6 4.Nf3 a6 5.Ne5 b5 6.cxd5 cxd5 7.Bf4 e6 8.Rc1 Be7
9.e3 O-O 10.Bd3 Bb7 11.O-O Nbd7 12.Qf3 Rc8 13.Qh3 g6 14.Rcd1 Re8 15.Ne2 Nf8
16.Bb1 b4 17.Rc1 Nh5 18.Bh6 Qb6 19.Qf3 f5 20.g4 Ng7 21.Nf4 Qd6 22.Nfd3 Rxc1
23.Rxc1 Rc8 24.Rxc8 Bxc8 25.h3 a5 26.Qd1 Ba6 27.Qa4 Qb6 28.Qc6 Qb5 29.Qc7 Qb7
30.Qxa5 Bxd3 31.Bxd3 Nd7 32.Bf4 Nxe5 33.Bxe5 Kf7 34.Be2 Ne8 35.gxf5 gxf5
36.Bh5+ Kf8 37.Qa4 Qc8 38.Qa7 Qc1+ 39.Kg2 Qc8 40.a4 bxa3 41.bxa3 Qd8 42.a4 Nd6
43.a5 Nc4 44.Bc7 Qd7 45.Qb8+ Kg7 46.Be8  1-0

[Event "Donner mem op"]
[Site "Amsterdam"]
[Date "1995.??.??"]
[Round "2"]
[White "De Boer, Gert Jan"]
[Black "Chervonenko, Irina"]
[Result "1-0"]
[WhiteElo "2425"]
[BlackElo "2150"]

1.d4 d5 2.c4 c6 3.Nf3 Nf6 4.Nc3 a6 5.e3 b5 6.b3 Bg4 7.Be2 e6 8.h3 Bxf3 9.Bxf3 Bb4
10.Bb2 O-O 11.O-O Nbd7 12.Rc1 Qe7 13.Qe2 Rac8 14.Rc2 Ba3 15.Bxa3 Qxa3 16.Rfc1 bxc4
17.bxc4 Nb6 18.Nb1 Qa4 19.Nd2 Rfd8 20.Qd3 h6 21.Be2 Ra8 22.Qc3 dxc4 23.Nxc4 Nbd5
24.Qa5 Qb5 25.Qe1 Qb4 26.Na5 Qxe1+ 27.Rxe1 Nb4 28.Rc4 c5 29.a3 Nbd5 30.dxc5 Rab8
31.Nc6  1-0

[Event "Donner mem op"]
[Site "Amsterdam"]
[Date "1995.??.??"]
[Round "7"]
[White "Lobron, Eric"]
[Black "Van der Wal, Jannes"]
[Result "1-0"]
[WhiteElo "2595"]
[BlackElo "2305"]

1.d4 d5 2.Nf3 Nf6 3.c4 c6 4.Nc3 a6 5.Bg5 Ne4 6.h4 b5 7.cxd5 cxd5 8.e3 Bf5
9.a4 Nxg5 10.hxg5 b4 11.Ne2 e6 12.Nf4 Nd7 13.Bd3 Bxd3 14.Qxd3 g6 15.Rc1 Be7
16.Rc6 O-O 17.Rxa6 Rc8 18.O-O Qc7 19.Qb5 Rb8 20.Qc6 Rfc8 21.Qxc7 Rxc7 22.Nd3 Rbc8
23.Ra5 Nb6 24.Rb5 Nxa4 25.Ra1 Ra7 26.Nxb4 Kg7 27.Nd3  1-0

[Event "Donner mem op"]
[Site "Amsterdam"]
[Date "1995.??.??"]
[Round "10"]
[White "Mikhalevski, Victor"]
[Black "Hodgson, Julian M"]
[Result "0-1"]
[WhiteElo "2495"]
[BlackElo "2590"]

1.d4 d5 2.c4 c6 3.Nf3 Nf6 4.Nc3 a6 5.c5 Bg4 6.Ne5 Bf5 7.Qb3 Ra7 8.f3 g6 9.e4 Be6
10.Be3 Bg7 11.Qc2 O-O 12.Be2 Ne8 13.O-O dxe4 14.fxe4 Bxe5 15.dxe5 Nd7 16.Rad1 Qc7
17.Nd5 cxd5 18.exd5 Qxe5 19.Bf4 Bf5 20.Qd2 Qh8 21.Qe3 Qxb2 22.c6 bxc6 23.Qxa7 Qxe2
24.dxc6 Ndf6 25.c7 Nd6 26.Rfe1 Qc4 27.Bxd6 exd6 28.Rc1 Qf4 29.Rf1 Qe5 30.h3 Bc8
31.Rfd1 Ne4 32.Qd4 Qxd4+ 33.Rxd4 f5 34.Rf1 Rf7 35.Rc1 Kf8 36.Rb4 Ke7 37.Rb8 Kd7
38.Ra8 Nc5 39.Ra7 Kc6  0-1

[Event "Ankara zt"]
[Site "Ankara"]
[Date "1995.??.??"]
[Round "2"]
[White "Grivas, Efstratios"]
[Black "Giorgadze, Giorgi"]
[Result "0-1"]
[WhiteElo "2460"]
[BlackElo "2590"]

1.d4 Nf6 2.c4 c6 3.Nf3 d5 4.Nc3 a6 5.a4 e6 6.e3 c5 7.cxd5 exd5 8.Be2 Nc6
9.O-O Bd6 10.b3 cxd4 11.Nxd4 Qc7 12.Nf3 Be6 13.Ba3 Bxa3 14.Rxa3 O-O 15.Nd4 Rac8
16.Nxc6 Qxc6 17.b4 Ne4 18.Nb1 Qb6 19.b5 a5 20.Rd3 Rc5 21.Rd4 Rfc8 22.Bd3 Qc7
23.Nd2 Rc1 24.Qe2 f5 25.f3 Nc3 26.Qf2 Nd1 27.Qe2 Qe5 28.Nb3 Nxe3 29.Rxc1 Rxc1+
30.Nxc1 Qxd4 31.Nb3 Qb6 32.Kh1 d4 33.Qb2 Bxb3 34.Qxb3+ Kf8 35.h3 g6 36.Bb1 Qc7
37.Qe6 Qc1+ 38.Kh2 Nf1+ 39.Kg1 Qe3+ 40.Qxe3 Nxe3 41.Kf2 Ke7  0-1

[Event "Ankara zt"]
[Site "Ankara"]
[Date "1995.??.??"]
[Round "6"]
[White "Janjgava, Lasha"]
[Black "Giorgadze, Giorgi"]
[Result "1/2-1/2"]
[WhiteElo "2500"]
[BlackElo "2590"]

1.d4 d5 2.c4 c6 3.Nf3 Nf6 4.Nc3 a6 5.Ne5 Nbd7 6.Bf4 dxc4 7.Nxc4 Nd5 8.Bd2 e6
9.Ne4 N7f6 10.Nxf6+ Qxf6 11.e4 Nc7 12.Ba5 Nb5 13.Nb6 Rb8 14.Bxb5 axb5 15.O-O Qf4
16.d5 Be7 17.g3 Qd6 18.Re1 e5 19.a4 O-O 20.axb5 cxb5 21.Qb3 Bh3 22.Qxb5 f5
23.Qd7 Rbe8 24.Qe6+ Qxe6 25.dxe6 fxe4 26.Nd7 Rf3 27.Nxe5 Rb3 28.Bc3 Rb6 29.Rxe4 Rxe6
30.Ree1 Bf6 31.Nd3 Bxc3 32.bxc3 Bf5 33.Rxe6 Rxe6 34.Nc5 Re7 35.Ra8+ Kf7 36.Rb8 Re1+
37.Kg2 Rb1 38.Kf3 b6 39.Na4 b5 40.Nc5 Rc1 41.Rxb5 Rxc3+ 42.Kf4 g6 43.f3 h6
44.h4 Rc4+ 45.Ne4 Bxe4 46.fxe4 Rc1 47.Ke5 Rf1 48.Rb7+ Kg8 49.Ke6 Rf3 50.e5 g5
51.hxg5 hxg5 52.g4 Kf8 53.Rb8+ Kg7 54.Ke7 Rf4 55.e6 Ra4 56.Rc8 Ra7+ 57.Kd6 Ra6+
58.Kd7 Ra7+ 59.Rc7 Ra8 60.Rc5 Ra7+ 61.Kd6 Ra6+ 62.Ke5 Kg6 63.Rb5 Ra4 64.Rc5 Ra6
65.Rc8 Ra5+ 66.Kd6 Ra6+ 67.Kd7 Ra7+ 68.Rc7 Ra8 69.Ke7 Kg7 70.Kd6+ Kg6 71.Kd7 Kf6
72.Rb7 Kg6 73.Ke7 Kg7 74.Rd7 Kg6 75.Rd8 Ra7+ 76.Kd6 Ra6+ 77.Ke5 Ra5+ 78.Rd5 Ra6  1/2-1/2

[Event "ARG-ch"]
[Site "?"]
[Date "1995.??.??"]
[Round "10"]
[White "Hoffman, Alejandro"]
[Black "Giaccio, Alfredo"]
[Result "1/2-1/2"]
[WhiteElo "2495"]
[BlackElo "2410"]

1.d4 Nf6 2.c4 c6 3.Nc3 d5 4.Nf3 a6 5.c5 Bf5 6.Qb3 Qc8 7.h3 g6 8.Bf4 Bg7 9.e3 O-O
10.Be2 Ne4 11.O-O Nd7 12.Na4 e5 13.Bh2 Re8 14.Rfe1 f6 15.Rac1 Re7 16.Qd1 Qe8
17.b4 g5 18.Nd2 Nxd2 19.Qxd2 Bg6 20.Bf1 Qf7 21.Nc3 Rae8 22.Ne2  1/2-1/2

[Event "Arhus Sommer"]
[Site "Arhus"]
[Date "1995.??.??"]
[Round "7"]
[White "Christensen, Jan"]
[Black "Barkhagen, Jonas"]
[Result "0-1"]
[WhiteElo "2240"]
[BlackElo "2400"]

1.d4 Nf6 2.Nf3 d5 3.c4 c6 4.Nc3 a6 5.a4 e6 6.e3 Nbd7 7.Bd3 Bd6 8.O-O O-O
9.e4 dxc4 10.Bxc4 e5 11.Bg5 h6 12.Bh4 Qe7 13.Qe2 exd4 14.Nxd4 Ne5 15.Bb3 Bg4
16.f3 Bc5 17.Bf2 Rad8 18.Rad1 Bc8 19.Qe3 Qc7 20.Nce2 Rfe8 21.Qc3 Ba7 22.Kh1 Nh5
23.g4 Nf6 24.Bg3 Qe7 25.Nf5 Bxf5 26.gxf5 Rxd1 27.Rxd1 Neg4 28.Qd3 Ne3 29.Rd2 Nh5
30.Nf4 Nxg3+ 31.hxg3 Qc5 32.Qd7 Rf8 33.Nd3 Qb6 34.Bxf7+ Rxf7 35.Qe8+ Rf8
36.Qe6+ Kh7 37.Qg6+ Kh8 38.Nf2 Nd1 39.Kg2 Nxf2 40.e5 Nd3 41.f6 Qg1+ 42.Kh3 Qh1+  0-1

[Event "AUT-chT2S 9495"]
[Site "?"]
[Date "1995.??.??"]
[Round "3"]
[White "Tabernig, Bernhard"]
[Black "Stajcic, Nikola"]
[Result "1-0"]
[WhiteElo "2260"]
[BlackElo "2360"]

1.d4 d5 2.c4 c6 3.Nf3 Nf6 4.Nc3 a6 5.cxd5 cxd5 6.Bf4 Nc6 7.e3 Bg4 8.h3 Bh5
9.Be2 Bxf3 10.Bxf3 e6 11.O-O Bd6 12.Bxd6 Qxd6 13.Na4 O-O 14.Rc1 Nd7 15.Nc5 b6
16.Nxd7 Qxd7 17.Qa4 Rfc8 18.Rc2 Qd6 19.Rfc1 b5 20.Qb3 Na7 21.Rc5 Rxc5 22.Rxc5 Rc8
23.Qc3 Rxc5 24.dxc5 Qc6 25.e4 dxe4 26.Qd4 f5 27.Qd8+ Kf7 28.Bh5+ g6 29.Qh8 Qxc5
30.Qxh7+ Kf8 31.Qh6+ Ke7 32.Bxg6 Nc6 33.Qg5+ Kd7 34.h4 Qe5 35.h5 Qxb2 36.h6 a5
37.h7 Ne7 38.Be8+ Kd6 39.Qf4+ Kd5 40.Qc7 Qa1+ 41.Kh2 Qf6 42.Qd8+ Kc5 43.Bh5 Qh4+
44.Kg1 e3 45.Qxe7+ Qxe7 46.h8=Q exf2+ 47.Kf1 Qd6 48.Qc3+ Kb6 49.Qe3+ Ka6
50.Be2 a4 51.Qc3 Kb6 52.Qc8 Qd5 53.Qb8+ Ka6 54.Qc7 e5 55.Qc8+ Kb6 56.Qxf5 Qxa2
57.Qf6+ Ka5 58.Qd8+ Kb4 59.Qd6+ Ka5 60.Qc7+ Kb4 61.Qxe5 Qb1+ 62.Kxf2 Ka5
63.Qc3+ Qb4 64.Qc7+ Ka6 65.Bf3 Qd4+ 66.Kg3 Qe3 67.Kg4 Qe6+ 68.Kf4 Qc4+ 69.Qxc4 bxc4
70.Ke3 a3 71.Bd5  1-0